LEADER 00997nam 2200349 450 001 9910163242103321 005 20230807220748.0 010 $a1-63135-877-4 035 $a(CKB)3860000000033540 035 $a(MiAaPQ)EBC4093534 035 $a(EXLCZ)993860000000033540 100 $a20160703h20152015 uy 0 101 0 $aeng 135 $aurcnu|||||||| 181 $2rdacontent 182 $2rdamedia 183 $2rdacarrier 200 10$aBraiding my own rope /$fLori J. Cole 210 1$aSingapore :$cStrategic Book Publishing and Rights Co.,$d2015. 210 4$dİ2015 215 $a1 online resource (74 pages) $cillustrations, photographs 320 $aIncludes bibliographical references. 607 $aSouth Africa$xDescription and travel 676 $a916.8 700 $aCole$b Lori J.$01376164 801 0$bMiAaPQ 801 1$bMiAaPQ 801 2$bMiAaPQ 906 $aBOOK 912 $a9910163242103321 996 $aBraiding my own rope$93411594 997 $aUNINA LEADER 00987nam0 22002891i 450 001 UON00105640 005 20231205102613.469 100 $a20020107f |0itac50 ba 101 $achi 102 $aHK 105 $a|||| 1|||| 200 1 $aYueye$fBa Jin 210 $aHong Kong$cNanhua$d[19..] 215 $a1 v.$d23 cm 606 $aLETTERATURA CINESE$xSEC. XIX-XX$3UONC017904$2FI 620 $aCN$dHong Kong$3UONL000075 686 $aT.C.C$cTesti cinesi - Letteratura$2A 700 0$aBA Jin$3UONV002453$0280287 712 $aNanhua$3UONV261169$4650 790 0$aPA Chin$zBA Jin$3UONV005591 790 0$aPA Kin$zBA Jin$3UONV012453 801 $aIT$bSOL$c20240220$gRICA 899 $aSIBA - SISTEMA BIBLIOTECARIO DI ATENEO$2UONSI 912 $aUON00105640 950 $aSIBA - SISTEMA BIBLIOTECARIO DI ATENEO$dSI T.C. C 103 $eSI SIN1189 5 103 996 $aYueye$91305995 997 $aUNIOR